Catálogo de la biodiversidad para la región caribe (Registro nro. 18950)

Detalles MARC
000 -CABECERA
Campo de control 02027nam a2200361 a 4500
005 - FECHA Y HORA DE LA ULTIMA TRANSACCION
Campo de control 20200104041749.0
008 - ELEMENTOS DE LONGITUD FIJA—INFORMACION GENERAL
Campo de control 151109b2016 ck abdofr||||f00| 0 spa d
020 ## - ISBN
ISBN 9789588889771 (impreso)
020 ## - ISBN
ISBN 9789588889788 (digital)
040 ## - FUENTE DE CATALOGACIÓN
Agencia catalogadora original CO-BoIAVH
Agencia transcriptora CO-BoIAVH
041 0# - IDIOMA
Código de idioma para texto/pista de sonido o título separado Español
044 ## - PAÍS DE PUBLICACIÓN
País de publicación Colombia
082 04 - NUMERO DE CLASIFICACION DECIMAL DEWEY
Número de clasificación 578.098611
Número del ítem C36b
245 10 - MENCION DE TITULO
Título Catálogo de la biodiversidad para la región caribe
Parte restante del título Volumen 3 /
Mención de responsabilidad editado por Lina M. Mesa-S., Marcela Santamaría, Hernando García y José Aguilar-Cano
250 ## - MENCION DE EDICION
Mención de edición Primera edición
260 ## - PUBLICACION, DISTRIBUCION, ETC. (PIE DE IMPRENTA)
Lugar de publicación, distribución, etc. Bogotá, Colombia :
Nombre del editor, distribuidor, etc. Instituto de Investigación de Recursos Biológicos Alexander von Humboldt :
-- Ecopetrol,
Fecha de publicación, distribución, etc. 2016.
300 ## - DESCRIPCION FISICA
Extensión 452 páginas :
Otros detalles físicos ilustraciones, mapas, tablas y fotografías a color ;
Dimensiones 28 x 22 cm. +
Material acompañante 1 mapa
490 0# - MENCION DE SERIE
Mención de serie Serie planeación ambiental para la conservación de la biodiversidad en las áreas operativas de Ecopetrol
504 ## - NOTA DE BIBLIOGRAFIA, ETC.
Nota de bibliografía Incluye referencias bibliográficas.
505 0# - NOTA DE CONTENIDO
Nota de contenido Parte 1: Análisis territorial.<br/>Parte 2: Contexto territorial.<br/>Parte 3: Identificación de áreas de estudio.<br/>Parte 4: Biodiversidad local.<br/>Parte 5: Descripción de algunos cuerpos de agua ubicados en la región caribe y su riqueza de algas del perifiton y macroinvertebrados.<br/><br/>
505 2# - NOTA DE CONTENIDO
Nota de contenido Incluye anexo mapa de susceptibilidad ambiental, área de influencia de Ecopetrol S.A. para la región caribe.
650 26 - ASIENTO SECUNDARIO DE MATERIA - TERMINO TEMATICO
Término temático o nombre geográfico como elemento de entrada Biodiversidad
Subdivisión geográfica Caribe (Región, Colombia)
9 (RLIN) 74060
650 26 - ASIENTO SECUNDARIO DE MATERIA - TERMINO TEMATICO
Término temático o nombre geográfico como elemento de entrada Biodiversidad
Subdivisión de forma Catálogo
Subdivisión geográfica Caribe (Región, Colombia)
9 (RLIN) 74061
650 26 - ASIENTO SECUNDARIO DE MATERIA - TERMINO TEMATICO
Término temático o nombre geográfico como elemento de entrada Biodiversidad
Subdivisión general conservación
9 (RLIN) 74062
650 26 - ASIENTO SECUNDARIO DE MATERIA - TERMINO TEMATICO
Término temático o nombre geográfico como elemento de entrada Flora
Subdivisión de forma especies
Subdivisión geográfica Caribe (Región, Colombia)
9 (RLIN) 74063
650 26 - ASIENTO SECUNDARIO DE MATERIA - TERMINO TEMATICO
Término temático o nombre geográfico como elemento de entrada Fauna
Subdivisión de forma especies
Subdivisión geográfica Caribe (Región, Colombia)
9 (RLIN) 74064
700 1# - ASIENTO SECUNDARIO - NOMBRE PERSONAL
Nombre personal Mesa, Lina María
Término de relación editora
9 (RLIN) 41248
700 1# - ASIENTO SECUNDARIO - NOMBRE PERSONAL
Nombre personal Santamaría, Marcela
Término de relación editora
9 (RLIN) 1989
700 1# - ASIENTO SECUNDARIO - NOMBRE PERSONAL
Nombre personal García, Hernando
Término de relación editor
9 (RLIN) 298
700 1# - ASIENTO SECUNDARIO - NOMBRE PERSONAL
Nombre personal Aguilar-Cano, José
Término de relación editor
9 (RLIN) 74065
710 2# - ASIENTO SECUNDARIO - NOMBRE CORPORATIVO
Nombre corporativo o de jurisdicción como elemento de entrada Instituto de Investigación de Recursos Biológicos Alexander von Humboldt
9 (RLIN) 204
942 ## - ELEMENTOS ADICIONALES (KOHA)
Sistema de clasificación Dewey Decimal Classification
Tipo de ítem Libro
Existencias
Withdrawn status Lost status Sistema de Clasificación Damaged status No para préstamo Colección Inventariado Ubicación Permanente Ubicación actual Fecha de adquisición Fuente de Valor Valor Total Checkouts Número topográfico Inventario / Código de Barras Date last seen Date checked out Ejemplar Price effective from Forma de adquisición Tipo de material Public note
    Dewey Decimal Classification     Humboldt Inventariado 2017 Bogotá Bogotá 08/08/2016 Instituto 39000.00 1 IAVH-578.098611 C36b 040578 08/11/2018 24/10/2018 Ej. 1 08/08/2016 Institucional Libro Incluye anexo mapa de susceptibilidad ambiental (CID-040579).
    Dewey Decimal Classification     Humboldt   Bogotá Bogotá 27/12/2017 Donación Viviana Guzmán     IAVH-578.098611 C36b 043170 27/12/2017   Ej. 4 27/12/2017 Donación Libro  
    Dewey Decimal Classification     Humboldt Inventariado 2017 Sala Fabio Quevedo Sala Fabio Quevedo 08/08/2016 Instituto 39000.00   IAVH-578.098611 C36b 040580 08/08/2016   Ej. 2 08/08/2016 Institucional Libro Incluye anexo mapa de susceptibilidad ambiental (CID-040581).
    Dewey Decimal Classification     Humboldt Inventariado 2017 Villa de Leyva Villa de Leyva 30/08/2017 Instituto 39000.00   IAVH-578.098611 C36b 042822 30/08/2017   Ej. 3 30/08/2017 Institucional Libro